000
00270nam a2200097Ia 4500
008
230508s2006 xx 000 0 und d
041
_a
eng
100
_a
LAL JAGDISH
245
_a
FLUID MECHANICS AND HYDRAULICS WITH COMPUTER APP.
260
_b
METROPOLTIAN BOOK
_c
2006
_g
2006
999
_c
339241
_d
339241